Depois daquela viagem (Registo nº 840)

Detalhes MARC
000 -Etiqueta do registo
Cabeçalho 00751nam0a2200253 4500
005 - Identificador da versão
Campo de controlo 20240813121816.0
010 ## - Número internacional normalizado dos livros (ISBN)
Número (ISBN) 972201790X
021 ## - Número do Depósito Legal
Código do país PT
Número 152271/00
100 ## - Dados gerais de processamento
Dados gerais de processamento 20160513d2000 m y0pory5003 ba
102 ## - Pais de publicação ou produção
País de publicação Portugal
101 0# - Língua de publicação
Língua do texto, banda sonora, etc. Português
215 ## - Descrição física 
Indicação específica da natureza do documento e extensão da espécie 267, [3] p
200 1# - Titulo e menção de responsabilidade
Título próprio Depois daquela viagem
Informação de outro título diário de uma jovem que aprendeu a viver com SIDA
Primeira menção de responsabilidade Valéria Piassa Polizzi
225 2# - Colecção 
Título próprio da colecção Minoria absoluta
Indicação de volume 11
205 ## - Menção da edição
Menção da edição 1ª ed
210 ## - Publicação, Distribuição, etc. 
Lugar da edição, distribuição, etc. Lisboa
Nome do editor, distribuidor, etc. Dom Quixote
Data da publicação, distribuição, etc. 2000
606 ## - Nome comum usado como assunto
Número de registo de entrada de autoridade 0002941
Palavra de ordem Literatura brasileira
Subdivisão de assunto Diários íntimos
Código do sistema CA
675 ## - Classificação Decimal Universal (CDU)
Notação 821.134.3(81)-94
Edição 3ª ed.
Língua da edição por
700 #1 - Nome de autor-pessoa física (responsabilidade principal)
Número de registo de entrada de autoridade 0002943
Palavra de ordem Polizzi
Outra parte do nome não tomada para palavra de ordem Valéria Piassa
966 ## - Identificação da Biblioteca
Sigla EB2,3ENM
942 ## - Elementos de entrada adicionados (Koha)
Tipo de item no Koha Livro
Exemplares
Situação do levantamento Origin of item (home branch) (coded) Biblioteca de empréstimo Código de barras Cota Circulation type (not for loan) Tipo de documento Nota do exemplar Damaged status
  Biblioteca Escolar Eng. Nuno Mergulhão Biblioteca Escolar Eng. Nuno Mergulhão BENM1508 82LE-9 POL   Livro Sem mensagem